Πολιτική κοινωνιολογία

Αποθηκεύτηκε σε:
Λεπτομέρειες βιβλιογραφικής εγγραφής
Κύριος συγγραφέας: Lagroye, Jacques
Άλλοι συγγραφείς: Francois, Bastien, Sawicki, Frederic, Ψύλλα, Μαριάννα (edtf), Μαγκανιώτης, Ευάγγελος (Μεταφραστής)
Μορφή: Βιβλίο
Γλώσσα:Greek
French
Δημοσίευση: Αθήνα : Τυπωθήτω, 2008.
Σειρά:Πολιτική - Επικοινωνία (Τυπωθήτω) ; 3
Θέματα:
Ετικέτες: Προσθήκη ετικέτας
Δεν υπάρχουν, Καταχωρήστε ετικέτα πρώτοι!

MARC

LEADER 00000cam a2200000 a 4500
001 1/111005
008 160606s2008####gr | ||| |||| ||gre||
020 |a 9789604023431  
040 |a GR-MyUa  |b gre  |c GR-MyUa  |e AACR2 
041 1 |a gre  |h fre 
082 7 |a 306.2   |2 (23)  
100 1 |a Lagroye, Jacques. 
245 1 0 |a Πολιτική κοινωνιολογία /   |c Jacques Lagroye, Bastien Francois, Frederic Sawicki ; επιμέλεια-εισαγωγή: Μαριάννα Ψύλλα ; μετάφραση: Ευάγγελος Μαγκανιώτης.  
260 |a Αθήνα :   |b Τυπωθήτω,   |c 2008.  
300 |a 730 σ ;   |c 24 εκ.  
490 1 |a (Πολιτική - Επικοινωνία / Τυπωθήτω ;   |v  3)  
500 |a Τίτλος πρωτοτύπου: Sociologie politique.  
504 |a Περιλαμβάνει βιβλιογραφία και ευρετήριο.  
650 0 |a Political sociology. 
700 1 |a Francois, Bastien. 
700 1 |a Sawicki, Frederic. 
700 1 |a Ψύλλα, Μαριάννα,  |e edtf 
700 1 |a Μαγκανιώτης, Ευάγγελος,  |e trl 
830 0 |a Πολιτική - Επικοινωνία (Τυπωθήτω)  |v  ; 3 
852 |a INST  |b LESVOS  |c EUDOXUS  |e 20160606  |h 306.2 LAG  |p 005100058518  |q 005100058518  |t EDX  |y 0 
852 |a INST  |b LESVOS  |c EUDOXUS  |e 20170112  |h 306.2 LAG  |p 005100058586  |q 005100058586  |t EDX  |y 0 
852 |a INST  |b LESVOS  |c EUDOXUS  |e 20170321  |h 306.2 LAG  |p 005100058809  |q 005100058809  |t EDX  |y 0 
852 |a INST  |b RHODES  |c EUDOXUS  |e 20180530  |h 306.2 LAG  |p 005400040106  |q 005400040106  |t EDX  |y 0 
920 |a Εύδοξος  |b Παραγγελία  |y Λέσβος-ΤΚ  |z 2016-04 
920 |a Εύδοξος  |b Επιστροφή  |y Ρόδος  |z 2018-05 
920 |a Εύδοξος  |b Παραγγελία  |y Λέσβος-ΤΚ  |z 2016-12 
920 |a Εύδοξος  |b Επιστροφή  |y Λέσβος  |z 2017-03 
970 |a Τζαφέρη  |b Ευαγγελία  |z 06-06-2016